000 00659nam a2200241 i 4500
001 C2-0089646
003 PPAK
005 20180727091745.0
008 970510s1990 enk |||| ||||| | eng d
020 _a0333458613
040 _aPPAK
_beng
_cPPAK
_erda
082 0 4 _a353.031
_223
090 0 0 _a353.031
_bREA
_dG
245 0 4 _aThe Reagan presidency
250 _aHill, Dilys M. ; Moore, Raymond A. ; Williams, Phil
264 1 _aLondon :
_bMacmillan ,
_c1990
300 _a250 pages ;
_c22 cm
336 _2rdacontent
_atext
337 _2rdamedia
_aunmediated
338 _2rdacarrier
_avolume
650 1 0 _aPresidents - United States
942 _ddc
_cB
999 _c18577
_d18577